00318nam a2200133 a 4500008004100000050001300041100001900054245003200073246001800105250001200123260002600135300001400161350000900175120416s1966 ||||||||||||||||| || u aAS 8 But aButtress, F. A10aWorld list of abbreviations aF. A. Butress a3rd ed. aLondonbL. Hillc1966 avi, 186p. a0.00